Problems of student migration in Slovakia

Problematika a dôvody študentskej migrácie, pre ktoré sa slovenskí študenti rozhodli študovať v zahraničí. Kvalita a systém zahraničných univerzít a možnosti uplatnenia sa na trhu práce.

Na minha lista:
Detalhes bibliográficos
Autor principal: Strelinger, Ján, 1964-
Formato: Capítulo de Livro
Idioma:inglês
Assuntos:
Tags: Adicionar Tag
Sem tags, seja o primeiro a adicionar uma tag!

MARC

LEADER 00000nla a2200000 4500
001 0226113
005 20240502073719.9
041 0 |a eng 
044 |a SK 
245 1 0 |a Problems of student migration in Slovakia  |c Ján Strelinger 
520 |a Problematika a dôvody študentskej migrácie, pre ktoré sa slovenskí študenti rozhodli študovať v zahraničí. Kvalita a systém zahraničných univerzít a možnosti uplatnenia sa na trhu práce. 
610 2 0 |a univerzity 
610 2 0 |a školy vysoké 
610 2 0 |a štúdium v zahraničí 
610 2 0 |a programy študijné 
610 2 0 |a kvalita vzdelávania 
610 2 0 |a migrácia 
610 2 0 |a študenti 
610 2 0 |a Slovensko 
100 1 |a Strelinger, Ján, 1964-